AC Milan squad 2015/16 - Statistics

General Stats
  • This quiz has been taken 108 times
  • The average score is 14 of 28
Answer Stats
Hint Answer % Correct
#99 Gianluigi Donnarumma
72%
#20 Ignazio Abate
70%
#8 Suso
70%
#1 Diego Lopez
69%
#13 Alessio Romagnoli
64%
#28 Giacomo Bonaventura
64%
#70 Carlos Bacca
61%
#10 Keisuke Honda
59%
#45 Mario Balotelli
58%
#18 Riccardo Montolivo
58%
#96 Davide Calabria
57%
#7 Jeremy Menez
57%
#17 Christian Zapata
54%
#2 Mattia De Sciglio
54%
#32 Christian Abbiati
53%
#5 Philippe Mexes
51%
#33 Alex
49%
#9 Luiz Adriano
48%
#78 M'Baye Niang
42%
#34 Nigel De Jong
42%
#31 Luca Antonelli
37%
#91 Andrea Bertolacci
34%
#11 Alessio Cerci
30%
#16 Andrea Poli
29%
#4 Jose Mauri
29%
#27 Juraj Kucka
23%
#15 Rodrigo Ely
16%
#23 Antonio Nocerino
13%
No matching quizzes found
Score Distribution
Percent of People with Each Score
Percentile by Number Answered
Your Score History
You have not taken this quiz